| 000 | 01830nam a2200385 i 4500 | ||
|---|---|---|---|
| 003 | EG-ScBUE | ||
| 005 | 20260512112708.0 | ||
| 008 | 170704s2002 ua frb 000 0bara d | ||
| 017 | _a2002 / 1692 | ||
| 020 | _a9772083760 | ||
| 040 |
_aEG-ScBUE _bara _erda _dEG-ScBUE _cEG-ScBUE |
||
| 041 | 0 |
_aara _beng |
|
| 082 | 0 | 4 |
_a539.7092 _bج و ا _222 |
| 100 | 1 |
_aجوادي، محمد، _eمؤلف. |
|
| 245 | 1 | 0 |
_aمشرفة بين الذرة والذروة : _bسيرة حياة علي مصطفى مشرفة 1898-1950 = Between the atom and the top : the biography of Professor Aly Mustafa Mosharrafa Pasha (1898 - 1950) / _cد. محمد الجوادي. |
| 246 | 3 | 5 |
_aMosharrafa bayn al-dhara wal dhirwa : _bthe biography of professor Aly Mustafa Mosharrafa Pasha (1898 - 1950) |
| 246 | 3 | 1 |
_aBetween the atom and the top : _bthe biography of Professor Aly Mustafa Mosharrafa Pasha (1898 - 1950) |
| 250 | _aالطبعة الثانية. | ||
| 264 | 1 |
_aالقاهرة : _bمكتبة مدبولي، _c2002. |
|
| 300 |
_a270 صفحة ؛ _c24 سم. |
||
| 336 |
_2rdacontent _aنص _btxt |
||
| 337 |
_aبدون وسيط _2rdamedia _bn |
||
| 338 |
_aمجلد _bnc _2rdacarrier |
||
| 490 | 0 |
_aصفحات من تاريخ مصر ؛ _v51 |
|
| 500 | _aنال هذا الكتاب جائزة الدولة التشجيعية عن عام 1982. | ||
| 504 | _aيشتمل على إرجاعات ببليوجرافية. | ||
| 546 | _aالنص باللغة العربية ؛ والمخلص باللغة الإنجليزية. | ||
| 590 | _aسامح | ||
| 600 | 1 | 7 |
_aمشرفة، علي مصطفى، _d1898-1950. _2BUEsh |
| 650 | 7 |
_aالعلماء المصريون _vتراجم. _2BUEsh |
|
| 650 | 7 |
_aالفيزيائيون المصريون _vتراجم. _2BUEsh |
|
| 653 |
_bGGEN _cJuly2017 |
||
| 655 | _vReading book | ||
| 942 | _2ddc | ||
| 999 |
_c24976 _d24948 |
||